| 000 | 01584cam a22003131i 4500 | ||
|---|---|---|---|
| 003 | SA_RiAUC | ||
| 005 | 20241210092247.0 | ||
| 008 | 241209s2012____su f 000 0 ara c | ||
| 020 | _a9786038097397 | ||
| 040 |
_aSA-RiIMS _bara _cSA-RiAUC _erda |
||
| 043 | _aa-su--- | ||
| 082 | 0 | 4 |
_a346.53103 _qSA-RiAUC |
| 090 |
_a346.53103 _bا ب و ع |
||
| 100 | 1 |
_aأبو عباة، محمد بن عبد العزيز _eمؤلف. |
|
| 245 | 1 | 2 |
_aالتعويض عن أضرار الكوارث الطبيعية : _bدراسة تأصيلية تطبيقية في النظام السعودي / _cإعداد محمد بن عبد العزيز بن محمد أبو عباة. |
| 250 | _aالطبعة الأولى. | ||
| 264 | 1 |
_aالرياض : _bدار كنوز إشبيلية للنشر والتوزيع، _c2012 |
|
| 300 |
_a255 صفحة ؛ _c24 سم. |
||
| 336 |
_aنص _btxt _2rdacontent _3كتاب |
||
| 337 |
_aبدون وسيط _bn _2rdamedia |
||
| 338 |
_aمجلد _bnc _2rdacarrier |
||
| 490 | 1 |
_aإصدارات الصندوق الخيري لنشر البحوث والرسائل العلمية ؛ _aالدراسات الفقهية ؛ _v72. _v51 |
|
| 650 | 7 |
_aالتعويضات (فقه إسلامي) _2aucsh |
|
| 650 | 7 |
_aالتعويضات _xقوانين وتشريعات _zالسعودية _2aucsh |
|
| 650 | 7 |
_aالكوارث الطبيعية _zالسعودية _2aucsh |
|
| 830 | 0 |
_aإصدارات الصندوق الخيري لنشر البحوث والرسائل العلمية. _v72. _pالدراسات الفقهية |
|
| 942 |
_2ddc _cBOOK _n0 |
||
| 949 |
_aSA-JeALM _d241209 _uosman123 _n1 |
||
| 999 |
_c3257 _d3257 |
||